Inovácie a verejná správa

Koncepcia inovácií vo verejnej správe v kontexte znalostnej a kreatívnej ekonomiky. Vzťah verejnej správy a inovácií. Politika zavádzania inovácií do systému verejnej správy na Slovensku.

Salvato in:
Dettagli Bibliografici
Autore principale: Černěnko, Tomáš, 1981-
Natura: Capitolo di libro
Lingua:slovacco
Soggetti:
Tags: Aggiungi Tag
Nessun Tag, puoi essere il primo ad aggiungerne!!

MARC

LEADER 00000nla$a2200000$$$4500
001 0145428
005 20240502072622.2
041 0 |a slo 
044 |a SK 
245 1 0 |a Inovácie a verejná správa  |c Tomáš Černěnko 
520 |a Koncepcia inovácií vo verejnej správe v kontexte znalostnej a kreatívnej ekonomiky. Vzťah verejnej správy a inovácií. Politika zavádzania inovácií do systému verejnej správy na Slovensku. 
610 2 0 |a správa verejná 
610 2 0 |a samospráva miestna 
610 2 0 |a sektor verejný 
610 2 0 |a inovácia 
610 2 0 |a manažment verejnej správy 
610 2 0 |a rozvoj regionálny 
610 2 0 |a plánovanie územné 
610 2 0 |a ekonomika znalostná 
100 1 |a Černěnko, Tomáš, 1981-